000 00523nam a2200181Ia 4500
003 GCL
008 140319s9999 xx 000 0 ara d
040 _aGCL /
_cGCL
082 0 4 _a843.03
_bه?ا
100 1 _aهيجو, فيكتور
245 1 0 _aاحدب نوتردام - باريس /
_cهيجو, فيكتور
300 _a162 ص
490 _a100 قصة
_v0
650 0 4 _aالادب
650 0 4 _aالادب الفرنسى المترجم
650 0 4 _aالقصص الفرنسية المترجمة
942 _2ddc
_cBK
999 _c46045
_d46045